Traduction français - néerlandais - Statistiques

Statistiques générales
  • Ce quiz a été pris 284 fois
  • Le résultat moyen est 6 sur 20
Statistiques - réponses
Français Néerlandais % Correct
Manger (v.) eten
83%
Vouloir (v.) willen
71%
L'eau het water
69%
Pouvoir (v.) kunnen
68%
Comme als
67%
Le poisson de vis
65%
La glace het ijs
60%
Le poulet de kip
57%
Aimer (v.) houden van
57%
La fraise de aardbei
56%
Le café de koffie
54%
Le menu het menu
54%
La soupe de soep
53%
Le vin de wijn
50%
Le thé de thee
48%
La viande het vlees
44%
Le fruit het fruit
43%
Les pâtes de pasta
41%
Espérer (v.) hopen
41%
S'il te plait alstublieft
40%
Salut dag
34%
Merci dank u wel
34%
La bouteille de fles
32%
Quelque chose (= pronom) iets
27%
La salade de salad
26%
La saison het seizoen
24%
Le dessert het dessert
22%
Détester (v.) haten
21%
La soupe de tomate de tomatensoep
20%
Le serveur de ober
17%
La commande de bestelling
15%
Le chocolat chaud de warme chocolademelk
10%
Préférer (v.) verkiezen
10%
Le bol de kom
9%
poli (adj.) beleefd
7%
La tasse de kop
7%
Le plat principal het hoofdgerecht
7%
Concerner (v.) betreffen
6%
Le menu du midi het lunchmenu
6%
Le chef de projet de projectleider
5%
L'assiette het board
4%
Le jus d'orange het sinaasapplesap
4%
Tout d'abord eerst en vooral
3%
Le sandwich het broodje
3%
L'entrée het voorgerecht
3%
L'oignon de ajuin
2%
Souhaiter (v.) graag willen
2%
Le roti de boeuf het rundsgebraad
2%
La serveuse de serveerster
0%
L'assortiment de légume het groenteassortiment
0%
Aucun quiz correspondant
Distribution des résultats
% des personnes avec chaque résultat
Percentile par nombre de réponses
Votre historique - résultats
Vous n’avez pas pris ce quiz